The Dictator Awards - Statistics

General Stats
  • This quiz has been taken 37 times
  • The average score is 8 of 10
Answer Stats
Award Type Country They Were
Born In
Dictator % Correct
Italy's Baddest Italy Benito Mussolini
100%
Best Firends With His Enimies USSR Joseph Stalin
100%
Worst Country Relationship Creation North Korea Kim Il Sung
100%
The Most Killed China Mao Zedong
100%
Most Famous Dictator To Come Out OfA US Military Fail Cuba Fidel Castro
97%
1. Most Racist Kills2. Most Banned Austria Adolf Hitler
94%
Biggest Slap By Capital Punishment Iraq Saddam Hussein
94%
Killed The Most % of His Country Cambodia Pol Pot
79%
Worst Dictator in North America Panama Manuel Noriega
41%
Most Ruthless To His Family Russia Ivan The Terrible
35%
No matching quizzes found
Score Distribution
Percent of People with Each Score
Percentile by Number Answered
Your Score History
You have not taken this quiz